Manorama yearbook 2018 (Record no. 10936)

MARC details
000 -LEADER
fixed length control field 00484cam a2200193ua 4500
001 - CONTROL NUMBER
control field 12189
005 - DATE AND TIME OF LATEST TRANSACTION
control field 20260515114840.0
008 - FIXED-LENGTH DATA ELEMENTS--GENERAL INFORMATION
fixed length control field 200303n ii |||gr||||Z||||||eng
020 ## - INTERNATIONAL STANDARD BOOK NUMBER
International Standard Book Number 09752250
040 ## - CATALOGING SOURCE
Transcribing agency MAIN
082 ## - DEWEY DECIMAL CLASSIFICATION NUMBER
Classification number 050
100 ## - MAIN ENTRY--PERSONAL NAME
Personal name Mammen Mathew,
Relator term Editor.,
245 ## - TITLE STATEMENT
Title Manorama yearbook 2018
Statement of responsibility, etc. Ed by Mammen Mathew
250 ## - EDITION STATEMENT
Edition statement 53rd ed.
260 ## - PUBLICATION, DISTRIBUTION, ETC.
Place of publication, distribution, etc. Kottayam:
Name of publisher, distributor, etc. Malayala manorama,
Date of publication, distribution, etc. 2018.
300 ## - PHYSICAL DESCRIPTION
Extent 1039p.
653 ## - INDEX TERM--UNCONTROLLED
Uncontrolled term General serial publications
942 ## - ADDED ENTRY ELEMENTS (KOHA)
Koha item type Books
Holdings
Withdrawn status Lost status Damaged status Not for loan Home library Current library Shelving location Date acquired Total checkouts Full call number Barcode Date last seen Date last checked out Copy number Price effective from Koha item type
        Naharkatiya College Library Naharkatiya College Library General stacks 09/19/2020 1 050 | MAN 25960 12/12/2022 11/14/2022 1 09/19/2020 Books
        Naharkatiya College Library Naharkatiya College Library General stacks 09/19/2020 1 050 | MAN 25961 09/09/2022 06/29/2022 2 09/19/2020 Books